| 000 | 00338nam a22001217a 4500 | ||
|---|---|---|---|
| 008 | 230606b xxu||||| |||| 00| 0 eng d | ||
| 082 | _a340.0236762 | ||
| 100 | _cTudor Jackson | ||
| 245 | _aGuide to the Legal Profession in Kenya | ||
| 260 |
_aNairobi,Kenya _bAfrica Book Services (E.A) Ltd _cJune,1980 |
||
| 300 | _aXII,57p | ||
| 942 |
_2ddc _cBK |
||
| 999 |
_c676 _d676 |
||